000
00209 a2200097 4500
001
14479
100
_a
Peters, R
245
_a
Islam & Colonialism
260
_a
New York
_b
Mouton Pub.
_c
090
_c
11310
_d
11310
942
_a
NUST-CAE
_c
M
_c
1460
999
_c
249552
_d
249552